000 00612nam a2200205 4500
999 _c4426
_d4426
001 5275
005 20190808135752.0
008 190808b ||||| |||| 00| 0 eng d
020 0 0 _a9993665320
090 0 0 _a245.4 W2469g 2007
100 0 0 _aWangmo, Ngawang.
245 0 0 _aགཞོན༌ནུ༌འཛུམ༌པའི༌གཏམ༌མཛོད།
_cNgawang Wangmo.
246 _a[Buddhist teachings].
250 0 0 _a1st
260 0 0 _aThimphu :
_bKMT Publisher,
_c2006.
300 0 0 _a79 p. ; 25 cm.
500 0 0 _aIn Dzongkha.
650 0 0 _aBuddhism --Bhutan --Doctrines --History.
942 _2ddc
_cDZONGKHA